00452nam a2200157Ia 4500003000900000008004100009020001600050040001600066080001600082100002000098245007700118260003300195300001600228650004100244650000900285IN-BaIIA211028s9999 xx 000 0 eng d a08-003458-6 cIIA Library a523.34bRAC aRackham, Thomas 0aMoon in focuscThomas Rackham  aOxfordbPergamon Pressc1968 axiii, 183p. aAstronomy and Astrophysics Thesaurus aMoon